000 00304nam a22001337a 4500
008 220131b ||||| |||| 00| 0 eng d
041 _aeng
080 _a941
082 _2Firs't edition
_a941
100 _a25.2
101 _aSHKI
245 _aHistoria e Skenderbeut
_cMarin Barleti
942 _2udc
_cBK
999 _c58316
_d58316